Vista normal
Vista MARC
- Simposium Internacional sobre Informática y Logopedia
Entrada Nombre congreso
Número de registros utilizados en: 1
001 - NÚMERO DE CONTROL
- campo de control: 1972
003 - IDENTIFICADOR DEL NÚMERO DE CONTROL
- campo de control: ES-MaFIAP
005 - FECHA Y HORA DE LA ÚLTIMA TRANSACCIÓN
- campo de control: 20231207115053.0
008 - DATOS DE LONGITUD FIJA
- campo de control de longitud fija: 231207|| aca||aabn | a|a d
040 ## - FUENTE DE LA CATALOGACIÓN
- Centro catalogador/agencia de origen: ES-MaFIAP
- Centro/agencia transcriptor: ES-MaFIAP
111 ## - ENCABEZAMIENTO--NOMBRE DE CONGRESO/REUNIÓN
- Nombre de congreso/reunión o jurisdicción como elemento de entrada: Simposium Internacional sobre Informática y Logopedia
- Fecha del congreso o de la firma del tratado: 1989
- Sede del congreso/Lugar de la reunión: Cartagena
670 ## - FUENTE DE DATOS ENCONTRADOS
- Cita de la fuente: Work cat.: (ES-MaFIAP)746: Simposium Internacional sobre Informática y Logopedia 1989 Cartagena, Simposium internacional sobre informática y logopedia , D.L. 1991





